<?xml version="1.0" encoding="UTF-8"?>
<record
    xmlns:xsi="http://www.w3.org/2001/XMLSchema-instance"
    xsi:schemaLocation="http://www.loc.gov/MARC21/slim http://www.loc.gov/standards/marcxml/schema/MARC21slim.xsd"
    xmlns="http://www.loc.gov/MARC21/slim">

  <leader>01676nam0a22003611  4500</leader>
  <controlfield tag="001">rc\495353</controlfield>
  <controlfield tag="005">20250621105542.0</controlfield>
  <datafield tag="010" ind1=" " ind2=" ">
    <subfield code="a">5-610-00410-1</subfield>
    <subfield code="9">1000</subfield>
  </datafield>
  <datafield tag="035" ind1=" " ind2=" ">
    <subfield code="a">(NLR Aleph) 005736915</subfield>
  </datafield>
  <datafield tag="090" ind1=" " ind2=" ">
    <subfield code="a">7634443</subfield>
    <subfield code="c">7634443</subfield>
  </datafield>
  <datafield tag="100" ind1=" " ind2=" ">
    <subfield code="a">20030616d1988    |||y0rusy50      ca</subfield>
  </datafield>
  <datafield tag="101" ind1="0" ind2=" ">
    <subfield code="a">rus</subfield>
  </datafield>
  <datafield tag="102" ind1=" " ind2=" ">
    <subfield code="a">RU</subfield>
  </datafield>
  <datafield tag="105" ind1=" " ind2=" ">
    <subfield code="a">a   |||||||||</subfield>
  </datafield>
  <datafield tag="200" ind1="1" ind2=" ">
    <subfield code="a">&#x41F;&#x430;&#x440;&#x443;&#x441; &#x432;&#x440;&#x435;&#x43C;&#x435;&#x43D;&#x438;</subfield>
    <subfield code="e">&#x421;&#x442;&#x438;&#x445;&#x438;</subfield>
    <subfield code="e">[XIV &#x412;&#x441;&#x435;&#x441;&#x43E;&#x44E;&#x437;. &#x444;&#x435;&#x441;&#x442;&#x438;&#x432;&#x430;&#x43B;&#x44C; &#x43C;&#x43E;&#x43B;&#x43E;&#x434;&#x44B;&#x445; &#x43F;&#x43E;&#x44D;&#x442;&#x43E;&#x432;, &#x410;&#x43B;&#x43C;&#x430;-&#x410;&#x442;&#x430;-87</subfield>
    <subfield code="f">&#x425;&#x443;&#x434;&#x43E;&#x436;. &#x411;. &#x41E;&#x441;&#x43F;&#x430;&#x43D;&#x43E;&#x432;]</subfield>
  </datafield>
  <datafield tag="210" ind1=" " ind2=" ">
    <subfield code="a">&#x410;&#x43B;&#x43C;&#x430;-&#x410;&#x442;&#x430;</subfield>
    <subfield code="c">&#x416;&#x430;&#x43B;&#x44B;&#x43D;</subfield>
    <subfield code="d">1988</subfield>
  </datafield>
  <datafield tag="215" ind1=" " ind2=" ">
    <subfield code="a">102, [1] &#x441;.</subfield>
    <subfield code="c">&#x438;&#x43B;.</subfield>
    <subfield code="d">17</subfield>
  </datafield>
  <datafield tag="327" ind1="0" ind2=" ">
    <subfield code="a">&#x421;&#x43E;&#x434;&#x435;&#x440;&#x436;.: &#x410;&#x432;&#x442;.: &#x413;. &#x410;&#x431;&#x438;&#x43B;&#x44C;&#x434;&#x430;&#x435;&#x432;&#x430;, &#x41C;. &#x410;&#x43A;&#x434;&#x430;&#x443;&#x43B;&#x435;&#x442;&#x43E;&#x432;, &#x410;. &#x410;&#x445;&#x43C;&#x435;&#x434;&#x43E;&#x432;, &#x410;. &#x411;&#x430;&#x43B;&#x44C;&#x431;&#x435;&#x440;&#x44E;&#x441;, &#x410;. &#x411;&#x43E;&#x43A;&#x435;&#x43D;&#x43E;&#x432;, &#x411;. &#x411;&#x443;&#x433;&#x443;&#x43C;&#x431;&#x430;&#x435;&#x432;, &#x412;. &#x411;&#x443;&#x43B;&#x44B;&#x433;&#x430;, &#x41C;. &#x413;&#x43E;&#x43D;&#x430;&#x448;&#x432;&#x438;&#x43B;&#x438;, &#x410;. &#x414;&#x436;&#x430;&#x431;&#x438;&#x435;&#x432;, &#x41C;. &#x414;&#x438;&#x43E;&#x440;&#x434;&#x438;&#x435;&#x432;&#x430; &#x438; &#x434;&#x440;.</subfield>
  </datafield>
  <datafield tag="464" ind1=" " ind2="0">
    <subfield code="1">700#1$a&#x410;&#x431;&#x438;&#x43B;&#x44C;&#x434;&#x430;&#x435;&#x432;&#x430;$b&#x413;.</subfield>
    <subfield code="a">&#x410;&#x431;&#x438;&#x43B;&#x44C;&#x434;&#x430;&#x435;&#x432;&#x430;, &#x413;.</subfield>
  </datafield>
  <datafield tag="464" ind1=" " ind2="0">
    <subfield code="1">700#1$a&#x410;&#x43A;&#x434;&#x430;&#x443;&#x43B;&#x435;&#x442;&#x43E;&#x432;$b&#x41C;.</subfield>
    <subfield code="a">&#x410;&#x43A;&#x434;&#x430;&#x443;&#x43B;&#x435;&#x442;&#x43E;&#x432;, &#x41C;.</subfield>
  </datafield>
  <datafield tag="464" ind1=" " ind2="0">
    <subfield code="1">700#1$a&#x410;&#x445;&#x43C;&#x435;&#x434;&#x43E;&#x432;$b&#x410;.</subfield>
    <subfield code="a">&#x410;&#x445;&#x43C;&#x435;&#x434;&#x43E;&#x432;, &#x410;.</subfield>
  </datafield>
  <datafield tag="464" ind1=" " ind2="0">
    <subfield code="1">700#1$a&#x411;&#x430;&#x43B;&#x44C;&#x431;&#x435;&#x440;&#x44E;&#x441;$b&#x410;.</subfield>
    <subfield code="a">&#x411;&#x430;&#x43B;&#x44C;&#x431;&#x435;&#x440;&#x44E;&#x441;, &#x410;.</subfield>
  </datafield>
  <datafield tag="464" ind1=" " ind2="0">
    <subfield code="1">700#1$a&#x411;&#x43E;&#x43A;&#x435;&#x43D;&#x43E;&#x432;$b&#x410;.</subfield>
    <subfield code="a">&#x411;&#x43E;&#x43A;&#x435;&#x43D;&#x43E;&#x432;, &#x410;.</subfield>
  </datafield>
  <datafield tag="464" ind1=" " ind2="0">
    <subfield code="1">700#1$a&#x411;&#x443;&#x433;&#x443;&#x43C;&#x431;&#x430;&#x435;&#x432;$b&#x411;.</subfield>
    <subfield code="a">&#x411;&#x443;&#x433;&#x443;&#x43C;&#x431;&#x430;&#x435;&#x432;, &#x411;.</subfield>
  </datafield>
  <datafield tag="464" ind1=" " ind2="0">
    <subfield code="1">700#1$a&#x411;&#x443;&#x43B;&#x44B;&#x433;&#x430;$b&#x412;.</subfield>
    <subfield code="a">&#x411;&#x443;&#x43B;&#x44B;&#x433;&#x430;, &#x412;.</subfield>
  </datafield>
  <datafield tag="464" ind1=" " ind2="0">
    <subfield code="1">700#1$a&#x413;&#x43E;&#x43D;&#x430;&#x448;&#x432;&#x438;&#x43B;&#x438;$b&#x41C;.</subfield>
    <subfield code="a">&#x413;&#x43E;&#x43D;&#x430;&#x448;&#x432;&#x438;&#x43B;&#x438;, &#x41C;.</subfield>
  </datafield>
  <datafield tag="464" ind1=" " ind2="0">
    <subfield code="1">700#1$a&#x414;&#x436;&#x430;&#x431;&#x438;&#x435;&#x432;$b&#x410;.</subfield>
    <subfield code="a">&#x414;&#x436;&#x430;&#x431;&#x438;&#x435;&#x432;, &#x410;.</subfield>
  </datafield>
  <datafield tag="464" ind1=" " ind2="0">
    <subfield code="1">700#1$a&#x414;&#x438;&#x43E;&#x440;&#x434;&#x438;&#x435;&#x432;&#x430;$b&#x41C;.</subfield>
    <subfield code="a">&#x414;&#x438;&#x43E;&#x440;&#x434;&#x438;&#x435;&#x432;&#x430;, &#x41C;.</subfield>
  </datafield>
  <datafield tag="801" ind1=" " ind2="0">
    <subfield code="a">RU</subfield>
    <subfield code="b">NLR</subfield>
    <subfield code="g">psbo</subfield>
  </datafield>
  <datafield tag="801" ind1=" " ind2="1">
    <subfield code="a">RU</subfield>
    <subfield code="b">ELAR</subfield>
    <subfield code="2">rusmarc</subfield>
  </datafield>
  <datafield tag="852" ind1=" " ind2=" ">
    <subfield code="a">NLR</subfield>
    <subfield code="j">88-2/1760</subfield>
  </datafield>
  <datafield tag="942" ind1=" " ind2=" ">
    <subfield code="c">BOOK</subfield>
  </datafield>
  <datafield tag="980" ind1=" " ind2=" ">
    <subfield code="a">NB</subfield>
  </datafield>
  <datafield tag="995" ind1=" " ind2=" ">
    <subfield code="5">2013-10-26</subfield>
    <subfield code="b">NLR01</subfield>
    <subfield code="c">NLR01</subfield>
    <subfield code="e">RF9</subfield>
    <subfield code="f">5736915-10</subfield>
    <subfield code="k">88-2/1760</subfield>
    <subfield code="o">0</subfield>
    <subfield code="r">BOOK</subfield>
    <subfield code="s">8821760_</subfield>
  </datafield>
</record>
